000 01047nam a2200229 a 4500
005 20110803141539.0
010 _aB-440976
020 _c625.00
_a9780195672145
035 _aB-440976
037 _bResearchco Book Centre
082 _a324.60954
100 1 _aMcMillan, Alistair
_931074
245 1 0 _aStanding at the margins:
_cby Alistair McMillan
_brepresentation and electoral reservation in India /
260 _aNew Delhi
_bOxford University Press
_c2005
270 _aYMCA Library Building, Jai Singh Road,
_bNew Delhi
_e110001
300 1 _axii, 340p.
_c24cm (Hb)
500 _aIncludes bibliographical references
700 _922431
942 _2ddc
_cEN
_mMCM
_h324.60954
999 _c53220
_d53220